000 01026nam a2200181 4500
008 708.1 P185r
020 _a9780997494099
082 _a708.1
_bP185r
100 _aAlvarez, Anelys
_97226
110 _aFabius, Roxana
_97227
111 _aM. Hanna, Patricia
_97228
245 _aUn retrato:
_bes simple y concreto
260 _aMinneapolis
_bNAME
_c2017
300 _a328 p.
_bil. (col)
_c30,5 x 24,5 cm
505 _tMelatonina/Madre/Miami/Meandro/Magma
_rLegna Rodríguez Iglesias
_tUn sentido de lugar
_rPatricia M. Hanna
_tPrólogo
_rFranklin Sirmans
_tA manera de prefacio (y a falta de espejo)
_rMagalí Arriola
_tDesplazamientos geográficos y migraciones emocionales en un territorio incierto
_rMiguel A. López
_tInclusión radical: el arte contemporáneo en la colección Pérez
_rTatiana Flores
_tIlustraciones
_tIndice
_tAgradecimiento
_tCréditos de imágenes
_rTatiana Flores
650 _xarte contemporáneo
_xarte - colecciones
_xarte - galerías
_xarte - museos
_xarte - exhibiciones
_97229
700 _aZuluaga, Natalia
_97230
999 _c1867
_d1867